Evaluation of pig lung lesion and scoring in slaughterhouse in tbong khmum province, ការវាយតម្លៃស្លាកស្នាមលើសួតជ្រូក នៅទីសត្តឃាត ខេត្តត្បូងឃ្មុំ (Record no. 25703)
[ view plain ]
| 000 -LEADER | |
|---|---|
| fixed length control field | 00536nam a22001217a 4500 |
| 040 ## - CATALOGING SOURCE | |
| Transcribing agency | RUA |
| 082 ## - DEWEY DECIMAL CLASSIFICATION NUMBER | |
| Classification number | DVM PHA 2025 B707 Or.1 |
| 100 ## - MAIN ENTRY--AUTHOR NAME | |
| Personal name | PHAN PHANIT, ផន ផានិត |
| 245 ## - TITLE STATEMENT | |
| Title | Evaluation of pig lung lesion and scoring in slaughterhouse in tbong khmum province, ការវាយតម្លៃស្លាកស្នាមលើសួតជ្រូក នៅទីសត្តឃាត ខេត្តត្បូងឃ្មុំ |
| 260 ## - PUBLICATION, DISTRIBUTION, ETC. (IMPRINT) | |
| Place of publication | PHNOM PENH |
| Name of publisher | RUA |
| Year of publication | 2025 |
| 300 ## - PHYSICAL DESCRIPTION | |
| Number of Pages | x,33p. |
| Other physical details | ill. |
| Dimensions | 29cm. |
| 942 ## - ADDED ENTRY ELEMENTS (KOHA) | |
| Koha item type | MGR |
| 952 ## - LOCATION AND ITEM INFORMATION (KOHA) | |
| Withdrawn status [LOCAL, KOHA] | 0 |
| 952 ## - LOCATION AND ITEM INFORMATION (KOHA) | |
| Withdrawn status [LOCAL, KOHA] | 0 |
| Permanent Location | Date acquired | Koha item type | Lost status | Shelving location | Barcode | Current Location | Full call number |
|---|---|---|---|---|---|---|---|
| Library Block B | 2026-04-20 | MGR | B707 | B7121008 | Library Block B | DVM PHA 2025 B707 Or.1 | |
| Library Block B | 2026-04-20 | MGR | B707 | B7121107 | Library Block B | DVM PHA 2025 B707 Or.2 |